| 000 | 00746nam a22002295i 4500 | ||
|---|---|---|---|
| 001 | 168577 | ||
| 003 | ES-MaACL | ||
| 005 | 20230906213826.0 | ||
| 008 | 080421s1973 sp |||| | spa d | ||
| 080 | _a338(100-77) | ||
| 080 | _a308(100-77) | ||
| 080 | _a330.191.6 | ||
| 100 | 1 |
_aMcNamara, Robert S. _9137663 |
|
| 245 | 1 | 0 |
_aCien países, dos mil millones de seres _b: la dimensión del desarrollo / _cRobert S. McNamara. |
| 260 |
_aMadrid : _bTecnos, _c[1973] |
||
| 300 |
_a172 p. ; _c19 cm. |
||
| 650 | 0 | 4 |
_aPaíses en desarrollo- _xSituación económica. _9169541 |
| 650 | 4 |
_aAyuda económica. _9137664 |
|
| 650 | 4 |
_aPaíses en desarrollo- _xSituación social. _9224716 |
|
| 852 |
_aES-MaACL _jC-53016 _9R.85678 |
||
| 999 |
_c168577 _d168577 |
||